Effectiffs Italie Euro 2024 - Statistiques

Statistiques générales
  • Ce quiz a été pris 61 fois
  • Le résultat moyen est 15 sur 26
Statistiques - réponses
Poste Numéro Club Joueur % Correct
Gardien 1 PSG Gianluigi Donnarumma
98%
Défenseur 23 Inter Milan Alessandro Bastoni
90%
Attaquant 14 Juventus Federico Chiesa
83%
Milieu 18 Inter Milan Nicolo Barella
83%
Défenseur 2 SSC Napoli Giovanni Di Lorenzo
81%
Attaquant 9 Atalanta Bergamo Gianluca Scamacca
79%
Milieu 8 FC Arsenal Jorginho
75%
Gardien 26 SSC Napoli Alex Meret
73%
Défenseur 3 Inter Milan Federico Dimarco
73%
Milieu 10 AS Rome Lorenzo Pellegrini
67%
Défenseur 5 FC Bologne Riccardo Calafiori
65%
Gardien 12 Tottenham Hotspur Guglielmo Vicario
62%
Défenseur 17 AS Rome Gianluca Mancini
60%
Défenseur 13 Inter Milan Matteo Darmian
54%
Attaquant 19 CFC Genoa Mateo Retegui
52%
Attaquant 20 Lazio Rome Mattia Zaccagni
50%
Milieu 7 Inter Milan Davide Frattesi
48%
Milieu 16 AS Rome Bryan Cristante
46%
Défenseur 6 Juventus Federico Gatti
44%
Attaquant 11 SSC Napoli Giacomo Raspadori
44%
Milieu 21 Juventus Nicolo Fagioli
44%
Attaquant 22 AS Rome Stephan El Shaarawy
42%
Défenseur 24 Juventus Andrea Cambiaso
35%
Défenseur 4 FC Torino Alessandro Buongiorno
33%
Milieu 25 Hellas Vérone Michael Folorunsho
25%
Défenseur 15 FC Torino Raoul Bellanova
21%
Aucun quiz correspondant
Distribution des résultats
% des personnes avec chaque résultat
Percentile par nombre de réponses
Votre historique - résultats
Vous n’avez pas pris ce quiz